书目信息 |
| 题名: |
复合推进剂燃速模拟计算
|
|
| 作者: | 田德余 著 | |
| 分册: | ||
| 出版信息: | 北京 国防工业出版社 2019.07 |
|
| 页数: | XXII, 165页, [8] 页图版 | |
| 开本: | 25cm | |
| 丛书名: | ||
| 单 册: | ||
| 中图分类: | V51 , V5 | |
| 科图分类: | ||
| 主题词: | 复合推进剂--fu he tui jin ji--推进剂燃速--数值模拟--计算方法 , 航空 , 航天 | |
| 电子资源: | ||
| ISBN: | 978-7-118-11903-9 | |
| 000 | 01350nam0 2200301 450 | |
| 001 | 2368291152 | |
| 005 | 20231122185823.00 | |
| 010 | @a978-7-118-11903-9@b精装@dCNY80.00 | |
| 100 | @a20200110d2019 em y0chiy50 ea | |
| 101 | 0 | @achi@deng@eeng |
| 102 | @aCN@b110000 | |
| 105 | @aaf a 000yy | |
| 200 | 1 | @a复合推进剂燃速模拟计算@Afu he tui jin ji ran su mo ni ji suan@d= Simulation calculation of burning rate of composite propellant@f田德余著@zeng |
| 210 | @a北京@c国防工业出版社@d2019.07 | |
| 215 | @aXXII, 165页, [8] 页图版@c图@d25cm | |
| 300 | @a国防科技图书出版基金 火炸药技术系列专著 | |
| 314 | @a田德余, 为国防科技大学教授, 博士研究生导师。 | |
| 320 | @a有书目 | |
| 330 | @a本书是一本固体推进剂燃速模拟计算的专著, 共分六章, 主要包括: 燃烧、燃速研究的历程 ; 稳态燃烧模型 ; 价电子燃烧 (化学) 机理、物理和数学模型的建模过程 ; 分形理论、维数及其表征方法 ; 价电子分形燃烧模型的建立与计算 ; 推进剂燃速计算研究 ; 固体推进剂的燃烧机理、模型及价电子分形燃模型的建立及在各类推进剂中的实际应用等内容。 | |
| 510 | 1 | @aSimulation calculation of burning rate of composite propellant@zeng |
| 606 | 0 | @a复合推进剂@Afu he tui jin ji@x推进剂燃速@x数值模拟@x计算方法 |
| 606 | 0 | @a航空 |
| 606 | 0 | @a航天 |
| 690 | @aV51@v5 | |
| 690 | @aV5@v4 | |
| 701 | 0 | @a田德余@Atian de yu@4著 |
| 801 | 0 | @aCN@b人天书店@c20200110 |
| 905 | @aBZT@dV5@e2 | |
| 复合推进剂燃速模拟计算= Simulation calculation of burning rate of composite propellant/田德余著.-北京:国防工业出版社,2019.07 |
| XXII, 165页, [8] 页图版:图;25cm |
| 国防科技图书出版基金 火炸药技术系列专著 |
| ISBN 978-7-118-11903-9(精装):CNY80.00 |
| 本书是一本固体推进剂燃速模拟计算的专著, 共分六章, 主要包括: 燃烧、燃速研究的历程 ; 稳态燃烧模型 ; 价电子燃烧 (化学) 机理、物理和数学模型的建模过程 ; 分形理论、维数及其表征方法 ; 价电子分形燃烧模型的建立与计算 ; 推进剂燃速计算研究 ; 固体推进剂的燃烧机理、模型及价电子分形燃模型的建立及在各类推进剂中的实际应用等内容。 |
| ● |
| 相关链接 |
|
|
|
正题名:复合推进剂燃速模拟计算
索取号:V5/2
 
预约/预借
| 序号 | 登录号 | 条形码 | 馆藏地/架位号 | 状态 | 备注 |
| 1 | 2001066158 | 2001066158 | 东辅楼二楼书库/ [索取号:V5/2] | 在馆 | |
| 2 | 2001066159 | 2001066159 | 东辅楼二楼书库/ [索取号:V5/2] | 在馆 | |
| 3 | 2001066160 | 2001066160 | 东辅楼二楼书库/ [索取号:V5/2] | 在馆 | |
| 4 | 2001066161 | 2001066161 | 东辅楼二楼书库/ [索取号:V5/2] | 在馆 | |
| 5 | 2001066162 | 2001066162 | 东辅楼二楼书库/ [索取号:V5/2] | 在馆 | |
| 6 | 2001066163 | 2001066163 | 东辅楼二楼书库/ [索取号:V5/2] | 在馆 | |
| 7 | 2001066164 | 2001066164 | 东辅楼二楼书库/ [索取号:V5/2] | 在馆 | |
| 8 | 2001066165 | 2001066165 | 东辅楼二楼书库/ [索取号:V5/2] | 在馆 | |
| 9 | 2001066166 | 2001066166 | 东辅楼二楼书库/ [索取号:V5/2] | 在馆 | |
| 10 | 2001066167 | 2001066167 | 东辅楼二楼书库/ [索取号:V5/2] | 在馆 | |
| 11 | 2001066168 | 2001066168 | 东辅楼二楼书库/ [索取号:V5/2] | 在馆 | |
| 12 | 2001066169 | 2001066169 | 东辅楼二楼书库/ [索取号:V5/2] | 在馆 | |
| 13 | 2001066170 | 2001066170 | 东辅楼二楼书库/ [索取号:V5/2] | 在馆 | |
| 14 | 2001066171 | 2001066171 | 东辅楼二楼书库/ [索取号:V5/2] | 在馆 | |
| 15 | 2001066172 | 2001066172 | 东辅楼二楼书库/ [索取号:V5/2] | 在馆 | |
| 16 | 2001066173 | 2001066173 | 东辅楼二楼书库/ [索取号:V5/2] | 在馆 | |
| 17 | 2001066174 | 2001066174 | 东辅楼二楼书库/ [索取号:V5/2] | 在馆 | |
| 18 | 2001066175 | 2001066175 | 东辅楼二楼书库/ [索取号:V5/2] | 在馆 | |
| 19 | 2001066176 | 2001066176 | 东辅楼二楼书库/ [索取号:V5/2] | 在馆 | |
| 20 | 2001066177 | 2001066177 | 东辅楼二楼书库/ [索取号:V5/2] | 在馆 | |
| 21 | 2001066178 | 2001066178 | 东辅楼二楼书库/ [索取号:V5/2] | 在馆 | |
| 22 | 2001066179 | 2001066179 | 东辅楼二楼书库/ [索取号:V5/2] | 在馆 | |
| 23 | 2001066180 | 2001066180 | 东辅楼二楼书库/ [索取号:V5/2] | 在馆 | |
| 24 | 2001066181 | 2001066181 | 东辅楼二楼书库/ [索取号:V5/2] | 在馆 | |
| 25 | 2001066182 | 2001066182 | 东辅楼二楼书库/ [索取号:V5/2] | 在馆 | |
| 26 | 2001066183 | 2001066183 | 东辅楼二楼书库/ [索取号:V5/2] | 在馆 | |
| 27 | 2001066184 | 2001066184 | 东辅楼二楼书库/ [索取号:V5/2] | 在馆 | |
| 28 | 2001066185 | 2001066185 | 东辅楼二楼书库/ [索取号:V5/2] | 在馆 | |
| 29 | 2001066186 | 2001066186 | 东辅楼二楼书库/ [索取号:V5/2] | 在馆 | |
| 30 | 2001066187 | 2001066187 | 东辅楼二楼书库/ [索取号:V5/2] | 在馆 |